书目信息 |
| 题名: |
中国智慧城市建设指南及优秀实践
|
|
| 作者: | 高新民 , 郭为 著 | |
| 分册: | ||
| 出版信息: | 北京 电子工业出版社 2016.3 |
|
| 页数: | xv, 224页 | |
| 开本: | 24cm | |
| 丛书名: | ||
| 单 册: | ||
| 中图分类: | C912.81 | |
| 科图分类: | ||
| 主题词: | 现代化城市--xian dai hua cheng shi--城市建设--中国 | |
| 电子资源: | ||
| ISBN: | 978-7-121-28171-6 | |
| 000 | 01358nam0 2200277 450 | |
| 001 | 2131753194 | |
| 005 | 20210930094410.0 | |
| 010 | @a978-7-121-28171-6@dCNY59.00 | |
| 100 | @a20160315d2016 ekmy0chiy50 ea | |
| 101 | 0 | @achi |
| 102 | @aCN@b110000 | |
| 105 | @aak z 000yy | |
| 106 | @ar | |
| 200 | 1 | @a中国智慧城市建设指南及优秀实践@Azhong guo zhi hui cheng shi jian she zhi nan ji you xiu shi jian@f高新民, 郭为著 |
| 210 | @a北京@c电子工业出版社@d2016.3 | |
| 215 | @axv, 224页@c图@d24cm | |
| 312 | @a英文题名取自封面 | |
| 330 | @a本书解析了智慧城市的内涵及其发展趋势、内容需求、建设模式和优秀实践,共分为四部分。第一部分分析智慧城市的内涵及发展趋势,提出了“五纵四横”的智慧城市发展战略框架;第二部分从战略规划、顶层设计、行动计划、实施管理、可持续运营、绩效评价等方面提出智慧城市整体的建设方法;第三部分是分领域建设指南,在市民服务、教育、医疗、交通、能源等领域提出智慧城市项目建设的策略与行动;第四部分是基于实地考察的成果,总结了国内外有代表性的若干实践案例。 | |
| 333 | @a适合地方城市领导、智慧城市厂商及各相关人员阅读 | |
| 510 | 1 | @aChinese smart city construction guidelines and best practices@zeng |
| 606 | 0 | @a现代化城市@Axian dai hua cheng shi@x城市建设@y中国 |
| 690 | @aC912.81@v5 | |
| 701 | 0 | @a高新民@Agao xin min@4著 |
| 701 | 0 | @a郭为@Aguo wei@4著 |
| 801 | 0 | @aCN@b百万庄@c20210929 |
| 905 | @b1303850-53@dC912.81@e1783@f4 | |
| 中国智慧城市建设指南及优秀实践/高新民, 郭为著.-北京:电子工业出版社,2016.3 |
| xv, 224页:图;24cm |
| 使用对象:适合地方城市领导、智慧城市厂商及各相关人员阅读 |
| ISBN 978-7-121-28171-6:CNY59.00 |
| 本书解析了智慧城市的内涵及其发展趋势、内容需求、建设模式和优秀实践,共分为四部分。第一部分分析智慧城市的内涵及发展趋势,提出了“五纵四横”的智慧城市发展战略框架;第二部分从战略规划、顶层设计、行动计划、实施管理、可持续运营、绩效评价等方面提出智慧城市整体的建设方法;第三部分是分领域建设指南,在市民服务、教育、医疗、交通、能源等领域提出智慧城市项目建设的策略与行动;第四部分是基于实地考察的成果,总结了国内外有代表性的若干实践案例。 |
| ● |
| 相关链接 |
|
|
|
|
正题名:中国智慧城市建设指南及优秀实践
索取号:C912.81/1783
 
预约/预借
| 序号 | 登录号 | 条形码 | 馆藏地/架位号 | 状态 | 备注 |
| 1 | 1303850 | 213038504 | 第一样本阅览室/ [索取号:C912.81/1783] | 在馆 | |
| 2 | 1303851 | 213038513 | 第一借阅区/ [索取号:C912.81/1783] | 在馆 | |
| 3 | 1303852 | 213038522 | 第一借阅区/ [索取号:C912.81/1783] | 在馆 | |
| 4 | 1303853 | 213038531 | 第一借阅区/ [索取号:C912.81/1783] | 在馆 |